Famous People with Irish Names - Statistics

General Stats
  • This quiz has been taken 40 times
  • The average score is 9 of 15
Answer Stats
Hint Answer % Correct
The original James Bond {Sean} Connery
100%
Ireland's best known saint, celebrated on March 17 Saint {Patrick}
97%
"Oppenheimer" star {Cillian} Murphy
82%
Canadian actor famous for his role as "Deadpool" {Ryan} Reynolds
82%
Famously bald "Nothing Compares 2 U" singer {Sinéad} O'Connor
82%
The first winner of "American Idol" in 2002 {Kelly} Clarkson
79%
Canadian actor known for "The Mummy" and "The Whale" {Brendan} Fraser
76%
Six degrees of ... {Kevin} Bacon
76%
Australian actor, brother to Chris and Luke {Liam} Hemsworth
71%
Irish singer who belonged to the boyband One Direction {Niall} Horan
50%
Red-haired Hollywood Golden Age actress {Maureen} O'Hara
47%
Highly acclaimed actor known for her roles in historical films {Saoirse} Ronan
39%
Leader of the 1996 American women's gymnastics Olympic gold-medal team {Shannon} Miller
18%
Hong Kong's most successful Olympic swimmer {Siobhán} Haughey
16%
Comedian who appeared on the first series of the British "Taskmaster" {Róisín} Murphy
5%
No matching quizzes found
Score Distribution
Percent of People with Each Score
Percentile by Number Answered
Your Score History
You have not taken this quiz